Southville International School and Colleges
Your cart is empty.
  • Cart
  • Lists
    Public lists list_1 View all
    Your lists Log in to create your own lists
  • Log in to your account
  • Your cookies
  • Search history
Southville International School and Colleges
  • Advanced search
  • Recent comments
  • Most popular
  • Libraries

Log in to your account

Log in with GOOGLE


If you do not have an external account, but do have a local account, you can still log in:

  1. Home
  2. MARC view: Elementary number theory
Normal view MARC view ISBD view

Elementary number theory (Record no. 366042)

[ view plain ]
MARC details
000 -LEADER
fixed length control field 00567nam a22001817a 4500
003 - CONTROL NUMBER IDENTIFIER
control field 0
005 - DATE AND TIME OF LATEST TRANSACTION
control field 20240806131925.0
008 - FIXED-LENGTH DATA ELEMENTS--GENERAL INFORMATION
fixed length control field 240806b xxu||||| |||| 00| 0 eng d
020 ## - INTERNATIONAL STANDARD BOOK NUMBER
International Standard Book Number 9798888363539
050 ## - LIBRARY OF CONGRESS CALL NUMBER
Classification number QA 241
Item number .R36 2024
100 ## - MAIN ENTRY--PERSONAL NAME
Personal name Randall, Jude
245 ## - TITLE STATEMENT
Title Elementary number theory
Statement of responsibility, etc Jude Randall
260 ## - PUBLICATION, DISTRIBUTION, ETC. (IMPRINT)
Place of publication, distribution, etc New York, New York
Name of publisher, distributor, etc Larsen & Keller Education
Date of publication, distribution, etc 2024.
300 ## - PHYSICAL DESCRIPTION
Extent vi, 189 pages :
Other physical details black and white illustrations ;
Dimensions 26cm.
504 ## - BIBLIOGRAPHY, ETC. NOTE
Bibliography, etc Includes bibliographical references and index.
650 ## - SUBJECT ADDED ENTRY--TOPICAL TERM
Topical term or geographic name as entry element Number theory.
942 ## - ADDED ENTRY ELEMENTS (KOHA)
Source of classification or shelving scheme Library of Congress Classification
Koha item type Books
Holdings
Withdrawn status Lost status Source of classification or shelving scheme Damaged status Home library Current library Shelving location Date acquired Source of acquisition Total Checkouts Full call number Barcode Date last seen Price effective from Koha item type
    Library of Congress Classification   College Library College Library Reserve Section 08/06/2024 Library Fund   QA 241 .R36 2024 C23452 08/06/2024 08/06/2024 Books

Elementary number theory

APA

Randall J., . (2024). Elementary number theory. New York, New York: Larsen & Keller Education.

Chicago

Randall Jude, . 2024. Elementary number theory. New York, New York: Larsen & Keller Education.

Harvard

Randall J., . (2024). Elementary number theory. New York, New York: Larsen & Keller Education.

MLA

Randall Jude, . Elementary number theory. New York, New York: Larsen & Keller Education. 2024.

  • Place hold
  • Print
  • Cite
  • Add to your cart (remove)
  • Save record
    BIBTEX Dublin Core MARCXML MARC (non-Unicode/MARC-8) MARC (Unicode/UTF-8) MARC (Unicode/UTF-8, Standard) MODS (XML) RIS
  • More searches
    Search for this title in:
    Other Libraries (WorldCat) Other Databases (Google Scholar) Online Stores (Bookfinder.com) Open Library (openlibrary.org)

Exporting to Dublin Core...

SOUTHVILLE LIBRARY

Southville International School and Colleges Library

1281 Tropical Ave. Cor. Luxembourg St., BF Homes International, Las Pinas City

Tel. No. 8256374 / 252358 Loc. 117/146

Powered by Koha